000
00254nam a22001217a 4500
008
180309b xxu||||| |||| 00| 0 eng d
041
_a
eng
080
_a
316
100
_a
50
101
_a
SOC
245
_a
Women in Islam
_c
Walther, W
942
_2
udc
_c
BK
999
_c
44564
_d
44564